Комментарий к посланию Святого апостола Павла к римлянам. Т. 2, гл. 8-16 (Запись № 9681169)

Подробности
000 -МАРКЕР
контрольное поле 01267nam2a2200241 i 4500
001 - ИДЕНТИФИКАТОР ЗАПИСИ
контрольное поле RU\NLR\BIBL_A\010690038
005 - ИДЕНТИФИКАТОР ВЕРСИИ
контрольное поле 20240728140657.0
010 ## - МЕЖДУНАРОДНЫЙ СТАНДАРТНЫЙ НОМЕР КНИГИ (ISBN)
Номер (ISBN) 9785904630140
Тираж 1000
021 ## - НОМЕР ГОСУДАРСТВЕННОЙ РЕГИСТРАЦИИ
Код страны Российская Федерация
Номер 2015-1609
Номер Листа государственной регистраци 97
035 ## - ДРУГИЕ СИСТЕМНЫЕ НОМЕРА
Идентификатор записи (NLR Aleph) 010690038
100 ## - ДАННЫЕ ОБЩЕЙ ОБРАБОТКИ
Данные общей обработки 20150305d2015 k y0rusy50 ca
101 0# - ЯЗЫК РЕСУРСА
Язык текста, звукозаписи и т.д. русский
102 ## - СТРАНА ПУБЛИКАЦИИ ИЛИ ПРОИЗВОДСТВА
Страна публикации Российская Федерация
105 ## - ПОЛЕ КОДИРОВАННЫХ ДАННЫХ: ТЕКСТОВЫЕ МАТЕРИАЛЫ, МОНОГРАФИЧЕСКИЕ
Кодированные данные о монографическом текстовом документе c|||z|||000yy
200 1# - ЗАГЛАВИЕ И СВЕДЕНИЯ ОБ ОТВЕТСТВЕННОСТИ
Основное заглавие Т. 2, гл. 8-16
210 ## - ПУБЛИКАЦИЯ, РАСПРОСТРАНЕНИЕ И ДР.
Дата издания, распространения и т.д. 2015
215 ## - ФИЗИЧЕСКАЯ ХАРАКТЕРИСТИКА
Специфическое обозначение материала и объем 733 с.
Другие сведения о физической характеристике портр.
461 #0 - УРОВЕНЬ НАБОРА
Встроенное поле 001RU\NLR\BIBL_A\010299398
-- 2001#$aКомментарий к посланию Святого апостола Павла к римлянам$eдля назидания в вере и благочестии$fКарл Улоф Росениус$gпер. со швед. В.Ю. Володина$vТ. 2, гл. 8-16
-- 700#1$3RU\NLR\auth\7712704$aРосениус$bК. У.$f1816-1868
Системный номер (АБИС) связанной записи 10585860
Автор Росениус, К.У. (1816-1868)
Место публикации Санкт-Петербург
Дата публикации 2013
Первые сведения об ответственности Карл Улоф Росениус
Имя издателя, распространителя и т.д. Светоч
Сведения, относящиеся к заглавию для назидания в вере и благочестии
Заглавие Комментарий к посланию Святого апостола Павла к римлянам
Номер тома Т. 2, гл. 8-16
942 ## - ДОПОЛНИТЕЛЬНЫЕ ЭЛЕМЕНТЫ ЗАПИСИ (АБИС)
Тип экземпляра АБИС Книга
980 ## - КОЛЛЕКЦИЯ
Название коллекции НБР

Нет доступных экземпляров.